00251nam a2200097Ia 4500008004100000041000800041100001900049245003500068260003100103999001900134241105s9999 xx 000 0 und d aeng aMedankar Netra aTransitional ( Helio ) Screens bBNCA M Arch DA, Punec2016 c361308d361308